Statistics for Three MLB Players I Know for Each Team

Click here to take the quiz!

General Stats

  • This quiz has been taken 13 times
  • The average score is 19 of 90

Answer Stats

HintAnswer% Correct
PadresFernando Tatis Jr.
90%
DodgersClayton Kershaw
80%
PadresManny Machado
80%
YankeesAaron Judge
50%
YankeesAnthony Rizzo
50%
BrewersChristian Yelich
50%
BrewersCorbin Burnes
50%
BravesRonald Acuña Jr.
50%
RockiesC.J. Cron
40%
DiamondbacksKetel Marte
40%
DodgersMax Muncy
40%
AngelsMike Trout
40%
AngelsShohei Ohtani
40%
MarlinsBryan de la Cruz
30%
PhilliesBryce Harper
30%
RockiesCharlie Blackmon
30%
RaysCorey Kluber
30%
RangersCorey Seager
30%
BravesDansby Swanson
30%
White SoxDylan Cease
30%
RockiesGerman Marquez
30%
MetsJacob deGrom
30%
TigersJavier Baez
30%
PadresJoe Musgrove
30%
RedsJonathan India
30%
GuardiansJosé Ramirez
30%
AstrosJustin Verlander
30%
Red SoxKike Hernandez
30%
AstrosKyle Tucker
30%
MetsMax Scherzer
30%
YankeesOswaldo Cabrera
30%
Red SoxRafael Devers
30%
Blue JaysTeoscar Hernandez
30%
Blue JaysVladimir Guerrero Jr.
30%
Red SoxXander Bogaerts
30%
CardinalsYadier Molina
30%
CardinalsAdam Wainwright
20%
RoyalsBobby Witt Jr.
20%
TwinsByron Buxton
20%
DiamondbacksChristian Walker
20%
NationalsCJ Abrams
20%
MetsEdwin Diaz
20%
CubsIan Happ
20%
GiantsJoc Pederson
20%
MarinersJulio Rodriguez
20%
PiratesKe'Bryan Hayes
20%
RedsKyle Farmer
20%
RangersMarcus Semien
20%
PhilliesNick Castellanos
20%
BrewersRowdy Tellez
20%
RoyalsSalvador Perez
20%
MarlinsSandy Alcantara
20%
BravesSpencer Strider
20%
RoyalsZack Greinke
20%
PhilliesAlec Bohm
10%
OriolesAnthony Santander
10%
OriolesAustin Hays
10%
White SoxElvis Andrus
10%
RedsHunter Greene
10%
TwinsJoe Ryan
10%
DiamondbacksJosh Rojas
10%
PiratesJT Brubaker
10%
Blue JaysKevin Gausman
10%
CubsKyle Hendricks
10%
TwinsLuis Arraez
10%
NationalsLuke Voit
10%
GuardiansOscar Gonzalez
10%
RaysShane McClanahan
10%
DodgersTony Gonsolin
10%
GiantsWilmer Flores
10%
AstrosYordan Alvarez
10%
GuardiansAndres Gimenez
0%
White SoxAndrew Vaughn
0%
TigersCasey Mize
0%
AthleticsChad Pinder
0%
RaysDrew Rasmussen
0%
CardinalsJack Flaherty
0%
AthleticsJames Kaprielian
0%
MarinersJesse Winker
0%
AngelsJo Adell
0%
MarlinsJoey Wendle
0%
GiantsJohn Brebbia
0%
OriolesJorge Mateo
0%
RangersKole Calhoun
0%
MarinersLogan Gilbert
0%
NationalsPaolo Espino
0%
CubsPatrick Wisdom
0%
PiratesRodolfo Castro
0%
AthleticsSeth Brown
0%
TigersTarik Skubal
0%

Score Distribution

Percentile by Number Answered

Percent of People with Each Score

Your Score History

You have not taken this quiz